Ľudový rozhlas programový týždenník

Bibliographic Details
New Title:Rozhlas a televízia
Previous Title:Slobodný rozhlas
Format: Journal
Language:Slovak
PhysicalDescription:6 zv. 30 cm
Published: Bratislava Československý rozhlas 1951-1956
Subjects:

MARC

LEADER 00000cas a22000004a 4500
001 vtls010200751
003 SK-MaSNL
005 20260228161153.0
008 110101d19511956xo wr p 0 b0slo
040 |a SVKPO  |b slo  |c SVKPO  |d SNK  |e AACR2 
041 0 |a slo 
043 |a e-cs---  |a e-xo--- 
044 |a xo  |c SK 
072 7 |a 621.39  |x Oznamovacia technika  |2 konspekt 
072 7 |a 654  |x Telekomunikácie a diaľkové riadenie  |2 konspekt 
072 7 |a 7.01/.09  |x Umenie  |2 konspekt 
080 |a 621.396.71  |2 2001 
080 |a 654.195.6  |2 2001 
080 |a 7.096  |2 2011 
245 0 0 |a Ľudový rozhlas  |b programový týždenník 
260 |a Bratislava  |b Československý rozhlas  |c 1951-1956 
300 |a 6 zv.  |c 30 cm 
310 |a 1x týždenne 
362 0 |a Roč. 7, č. 23 (1951)-roč. 12, č. 53 (1956) 
610 2 7 |a Československý rozhlas (Bratislava, Slovensko)  |2 SNKKA  |9 124169 
650 0 7 |a rozhlas  |2 SNKPH  |9 18755 
650 0 7 |a rozhlasové programy  |2 SNKPH  |9 68951 
780 0 0 |t Slobodný rozhlas  |w vtls008881979 
785 0 0 |t Rozhlas a televízia  |w vtls010299861 
910 |a snk 
999 |c 4547  |d 6477 
952 |0 0  |1 0  |4 0  |7 0  |a SNK  |b SNK  |d 1997-06-23  |l 0  |o snkČSB 359/7/1951/3  |p 17A0074686  |r 2005-01-02 00:00:00  |w 2026-02-21  |y PREZ 
952 |0 0  |1 0  |4 0  |7 0  |a SNK  |b SNK  |d 2010-12-29  |i snkII. 1509/53  |l 0  |o snkČSB 359/8/1952/1 D1  |p 17A0683266  |r 2026-02-21 19:56:20  |w 2026-02-21  |y PREZ 
952 |0 0  |1 0  |4 0  |7 0  |a SNK  |b SNK  |d 2010-12-29  |l 0  |o snkČSB 359/3/1952/2 D1  |p 17A0683292  |r 2026-02-21 19:56:20  |w 2026-02-21  |y PREZ 
952 |0 0  |1 0  |4 0  |7 0  |a SNK  |b SNK  |d 2002-08-06  |l 0  |o snkČSB 359/10/1954  |p 17A0350071  |r 2005-01-02 00:00:00  |w 2026-02-21  |y PREZ 
952 |0 0  |1 0  |4 0  |7 0  |a SNK  |b SNK  |d 1999-03-03  |l 0  |o snkČSB 359/11/1955  |p 17A0184816  |r 2005-01-02 00:00:00  |w 2026-02-21  |y PREZ 
952 |0 0  |1 0  |4 0  |7 0  |a SNK  |b SNK  |d 1999-03-03  |l 0  |o snkČSB 359/12/1956  |p 17A0184815  |r 2005-01-02 00:00:00  |w 2026-02-21  |y PREZ 
952 |0 0  |1 0  |4 0  |7 0  |a SNK  |b SNK  |d 2017-11-15  |i snkII. 1531/55  |l 0  |o snkČSB 359/10/1954 D1  |p 17A1188992  |r 2026-02-21 22:11:39  |t č. 1-52  |w 2026-02-21  |y PREZ 
952 |0 0  |1 0  |4 0  |7 0  |a SNK  |b SNK  |d 2017-12-06  |i snkČSP 1149/58  |l 0  |o snkČSB 359/12/1956 D1  |p 17A1188918  |r 2026-02-21 22:18:36  |t č. 1-53  |w 2026-02-21  |y PREZ  |z č. 1-53